The Miracle nutrient : (Record no. 39252)
[ view plain ]
| 000 -LEADER | |
|---|---|
| fixed length control field | 00509nam a2200181 a 4500 |
| 005 - DATE AND TIME OF LATEST TRANSACTION | |
| control field | 20140311163003.0 |
| 008 - FIXED-LENGTH DATA ELEMENTS--GENERAL INFORMATION | |
| fixed length control field | 030224s19uu xx 00 eng d |
| 020 ## - INTERNATIONAL STANDARD BOOK NUMBER | |
| International Standard Book Number | 0553262335 |
| 050 ## - LIBRARY OF CONGRESS CALL NUMBER | |
| Classification number | RA 784 |
| Item number | .B649 1986 |
| 100 ## - MAIN ENTRY--PERSONAL NAME | |
| Personal name | Bliznakov, Emile G. |
| 245 ## - TITLE STATEMENT | |
| Title | The Miracle nutrient : |
| Remainder of title | Coenzyme Q10 / |
| Statement of responsibility, etc | Emile G. Bliznakov. |
| 300 ## - PHYSICAL DESCRIPTION | |
| Extent | 240 p. : |
| Dimensions | 17 cm. |
| 521 ## - TARGET AUDIENCE NOTE | |
| Target audience note | |
| 650 ## - SUBJECT ADDED ENTRY--TOPICAL TERM | |
| Topical term or geographic name as entry element | Ubiquinones |
| General subdivision | therapeutic use |
| 650 ## - SUBJECT ADDED ENTRY--TOPICAL TERM | |
| Topical term or geographic name as entry element | Heart diseases |
| General subdivision | chemoprevention |
| 942 ## - ADDED ENTRY ELEMENTS (KOHA) | |
| Koha item type | Books |
| Source of classification or shelving scheme | Library of Congress Classification |
| Call number prefix | Local |
| Withdrawn status | Lost status | Source of classification or shelving scheme | Damaged status | Home library | Current library | Shelving location | Date acquired | Source of acquisition | Cost, normal purchase price | Total Checkouts | Full call number | Barcode | Date last seen | Copy number | Price effective from | Koha item type |
|---|---|---|---|---|---|---|---|---|---|---|---|---|---|---|---|---|
| Library of Congress Classification | Archives | Archives | 02/24/2003 | Donation | 109.00 | RA 784 .B649 1989 | C2220 | 05/15/2018 | 1 | 10/10/2013 | Books |